Capitals of 'B' Countries - Statistics

General Stats
  • This quiz has been taken 244 times
  • The average score is 14 of 18
Answer Stats
Country Capital % Correct
Belgium Brussels
96%
Brazil Brasilia
93%
Bolivia La Paz
88%
Bulgaria Sofia
86%
Bahamas Nassau
85%
Belarus Minsk
83%
Belize Belmopan
82%
Bosnia and Herzegovina Sarajevo
81%
Bangladesh Dhaka
80%
Botswana Gaborone
75%
Barbados Bridgetown
74%
Brunei Bandar Seri Begawan
73%
Bahrain Manama
71%
Bhutan Thimpu
70%
Benin Porto-Novo
66%
Burundi Bujumbura
65%
Burkina Faso Ouagadougou
65%
Burma Naypyidaw
44%
No matching quizzes found
Score Distribution
Percent of People with Each Score
Percentile by Number Answered
Your Score History
You have not taken this quiz